000 00723 a2200241 4500
005 20260309092302.0
008 260112b |||||||| |||| 00| 0 eng d
020 _a9780349110127 (pbk)
037 _cTB
040 _aCRL
_cCRL
041 _2eng
_aeng
084 _aV2-3.N47 N7
_qCRL
100 _aJames, Lawrence
_9855856
245 _aRaj:
_bthe making and unmaking of British India
260 _bAbacus
_c1997
300 _a721p.
365 _b1650
_cINR
650 _aHistory
650 _aIndia History
650 _aBritish History
_9784053
942 _cTB
_2CC
_n0
_hV2-3.N47 N7
999 _c1466187
_d1466187